|
|
|
|
| LEADER |
00818nab a2200229 i 4500 |
| 001 |
misc65713 |
| 005 |
20240830092043.0 |
| 008 |
230608s1965 hu o 000 ger d |
| 040 |
|
|
|a SZTE Miscellanea Repozitórium
|b hun
|
| 041 |
|
|
|a ger
|
| 100 |
1 |
|
|a Rypka Jan
|
| 245 |
1 |
0 |
|a Textkritische Bemerkungen zu Nizamis Haft Paikar, II. Gesang
|h [elektronikus dokumentum] /
|c Rypka Jan
|
| 260 |
|
|
|a Akademie-Verlag
|b Berlin
|c 1965
|
| 300 |
|
|
|a 17-25
|c 24 cm
|
| 300 |
|
|
|a [9] p.
|c 24 cm
|
| 490 |
0 |
|
|a Mitteilungen des Instituts für Orientforschung
|
| 561 |
|
|
|a Németh Gyula hagyaték
|
| 591 |
|
|
|a NOP 4988
|
| 650 |
|
4 |
|a Bölcsészettudományok
|
| 650 |
|
4 |
|a Nyelvek és irodalom
|
| 695 |
|
|
|a Perzsa irodalom - költészet - 12. sz., Szövegkritika
|
| 856 |
4 |
0 |
|u http://misc.bibl.u-szeged.hu/65713/1/4988_nop.pdf
|z Dokumentum-elérés
|